000 00944nam a22002417a 4500
999 _c161266
_d161266
005 20190816120006.0
010 _a1819CHEN B-718923-943
020 _a9789386761866
_c695.00
035 _aB-718923-943
035 _aB-728603
037 _bAne Books
082 _a485
100 _aTandon, B.G.
245 _aEnglish grammer and composition for beginners /
_h
_cby B.G. Tandon [and] Loveena Tandon
260 _aNew Delhi
_bAne Books
_c2018
270 _a4821, Parwana Bhawan, 1st Floor, 24 Ansari Road, Daryaganj
_bNew Delhi
_e110002
300 _axiv,154p.
_c22cm(Hb)
500 _aAirport
700 _aTandon, Loveena
942 _2ddc
_cCH
_mTAN
_h485